000 00489nam a2200181Ia 4500
005 20250326141624.0
008 250326s9999 xx 000 0 und d
037 _aTextbook
040 _aFMSL
_beng
_cFMSL
041 _aeng
_2eng
084 _aX:8 M9
_qFMSL
100 _aMorgan G
_9735291
245 0 _aCreative organisation theory: resource book
_cMorgan G
260 _aLondon
_bLondon, Sage
_c1989
300 _a369p
942 _cTB
_hX:8 M9
999 _c1291188
_d1291188